000
00313nam a22001337a 4500
008
170926b xxu||||| |||| 00| 0 eng d
020
_a
9781591940043
041
_a
eng
080
_a
37
100
_a
46
101
_a
EDU
245
_a
TEN STEPS TO IMRPOVING COLLEGE READING SKILLS
_c
LANGAN, J
942
_2
udc
_c
BK
999
_c
29843
_d
29843